[Event "Besancon op"]
[Site "Besancon"]
[Date "2008.12.28"]
[Round "2"]
[White "Beck, Hans"]
[Black "Collin Regnier, Francois"]
[Result "1-0"]
[WhiteElo "1610"]
[BlackElo "1530"]
[PlyCount "99"]
[EventDate "2008.12.26"]
[EventType "swiss"]
[EventRounds "7"]
[EventCountry "FRA"]
[SourceTitle "CBM 128 Extra"]
[Source "ChessBase"]
[SourceDate "2009.03.05"]
[SourceVersion "2"]
[SourceVersionDate "2009.03.25"]
[SourceQuality "1"]

1. f4 f5 2. Nf3 Nf6 3. g3 e6 4. Bg2 d5 5. e3 Be7 6. 0-0 0-0 7. Re1 Nc6 8. d4 Ne4 9. Nbd2 Bd7 10. c3 Bf6 11. Qc2 Ne7 12. c4 c6 13. b3 g6 14. Ne5 Bxe5 15. dxe5 b6 16. Nxe4 fxe4 17. Bd2 Rc8 18. Rac1 c5 19. Qb2 Nc6 20. a3 Qe7 21. Bc3 Rfd8 22. Rcd1 Be8 23. Rd2 Bf7 24. Red1 Qf8 25. Bh3 Ne7 26. cxd5 Nxd5 27. Re1 Nc7 28. Red1 Rxd2 29. Rxd2 Rd8 30. Bg2 Nb5 31. a4 Nc7 32. Bxe4 Nd5 33. Rd3 Nb4 34. Rxd8 Qxd8 35. Qd2 Qxd2 36. Bxd2 a5 37. Kf2 Na6 38. Ke2 Be8 39. Bd3 Nc7 40. e4 Bc6 41. Ke3 Kf7 42. h4 Ke7 43. g4 Ne8 44. f5 exf5 45. exf5 Bd5 46. Bc2 gxf5 47. gxf5 Kf7 48. Kf4 Ng7 49. e6+ Ke8 50. Ke5 1-0